Library Banner

Al ayam/ (Record no. 95428)

MARC details
000 -LEADER
fixed length control field 00298nam a22001337a 4500
005 - DATE AND TIME OF LATEST TRANSACTION
control field 20170720152429.0
008 - FIXED-LENGTH DATA ELEMENTS--GENERAL INFORMATION
fixed length control field 170720b xxu||||| |||| 00| 0 eng d
040 ## - CATALOGING SOURCE
Transcribing agency PK-LaUMT
082 ## - DEWEY DECIMAL CLASSIFICATION NUMBER
Classification number ZIAC 297.0709549183
Item number ALA-
245 ## - TITLE STATEMENT
Title Al ayam/
260 ## - PUBLICATION, DISTRIBUTION, ETC. (IMPRINT)
Place of publication, distribution, etc [ ]
Name of publisher, distributor, etc [ ]
Date of publication, distribution, etc [ ]
300 ## - PHYSICAL DESCRIPTION
Extent [ ]
942 ## - ADDED ENTRY ELEMENTS (KOHA)
Koha item type Books
Holdings
Withdrawn status Lost status Damaged status Home library Current library Date acquired Full call number Barcode Date last seen Price effective from Koha item type
      UMT Main Campus UMT Main Campus 2017-07-20 ZIAC 297.0709549183 ALA- 111030 2017-07-20 2017-07-20 Books